Cities That Have Been Capital of Canada - Statistics

General Stats
  • This quiz has been taken 14 times
  • The average score is 6 of 7
Answer Stats
Years City % Correct
1844-1849 Montreal
100%
1849-1851 Toronto
100%
1855-1859 Toronto
100%
1865-present Ottawa
93%
1851-1855 Quebec City
79%
1859-1865 Quebec City
79%
1841-1844 Kingston
29%
No matching quizzes found
Score Distribution
Percent of People with Each Score
Percentile by Number Answered
Your Score History
You have not taken this quiz